00821nam a2200217Ia 4500003000900000008004100009020002200050040001600072080002100088100002600109245013900135260003400274300001500308650002800323650002800351650002900379650003500408942000700443999001700450952013600467IN-BaIIA211028s9999 xx 000 0 eng d a978-81-7479-100-9 cIIA Library a903.01(540)bDAS aDas, Subhashis932779 0aSacred stones of Indian Civilization: with special reference to megalithscSubhashis Das  aNew DelhibKaveri Booksc2009 axii, 256p. aAncient megalits932780 aArcheo astronomy932781 anon Aryan tribals932782 aPre historic- megaliths932783 cBK c17379d17379 00104070aBANbBANcGENd2009-07-22eANJ g315.00l0o903.01(540)/ DASp18301r2021-11-05v315.00w2009-07-22yBKGRs. 315.00